| 000 | 01503nam a2200385 a 4500 | ||
|---|---|---|---|
| 001 | ebr10623362 | ||
| 003 | CaPaEBR | ||
| 006 | m u | ||
| 007 | cr cn||||||||| | ||
| 008 | 121205s2006 enk sb 001 0 eng d | ||
| 020 | _z0719075297 (hardback) | ||
| 020 | _z9780719075292 | ||
| 020 | _z9781847791429 (e-book) | ||
| 040 |
_aCaPaEBR _cCaPaEBR |
||
| 035 | _a(OCoLC)646517761 | ||
| 050 | 1 | 4 |
_aJF801 _b.G67 2006eb |
| 100 | 1 | _aGorman, Daniel. | |
| 245 | 1 | 0 |
_aImperial citizenship _h[electronic resource] : _bempire and the question of belonging / _cDaniel Gorman. |
| 260 |
_aManchester : _bManchester University Press, _c2006. |
||
| 300 | _axiii, 243 p. | ||
| 490 | 1 | _aStudies in imperialism | |
| 504 | _aIncludes bibliographical references and index. | ||
| 505 | 0 | _apt. I. Theories of imperial citizenship -- pt. II. Experiments in imperial citizenship. | |
| 533 |
_aElectronic reproduction. _bPalo Alto, Calif. : _cebrary, _d2011. _nAvailable via World Wide Web. _nAccess may be limited to ebrary affiliated libraries. |
||
| 650 | 0 | _aCitizenship. | |
| 650 | 0 | _aImperialism. | |
| 650 | 0 | _aNationalism. | |
| 650 | 0 |
_aCitizenship _xHistory. |
|
| 650 | 0 |
_aImperialism _xHistory. |
|
| 650 | 0 |
_aNationalism _xHistory. |
|
| 655 | 7 |
_aElectronic books. _2local |
|
| 710 | 2 | _aebrary, Inc. | |
| 830 | 0 | _aStudies in imperialism (Manchester, England) | |
| 856 | 4 | 0 |
_uhttp://site.ebrary.com/lib/rucke/Doc?id=10623362 _zAn electronic book accessible through the World Wide Web; click to view |
| 999 |
_c55876 _d55876 |
||